00453 2200157 4500001002100000005001500021035002000036245008200056100002000138250001700158300002800175260004200203082001000245084001600255650002400271INLIS00000000000109620250716080752 a0010-07250000021 aPelajaran Aqidah Akhlak untuk Madrasah Ibtidaiyah Kelas VI /cIbrahim Syu'aib0 aIbrahim Syu'aib aCetakan ke-2 a84 hlm :bIlus ;c21 cm aJakarta :bDepartemen Agama RI,c2002 a492.7 a492.7 IBR p 4aBuku teks pelajaran